Říkadla : vyříkadla, naříkadla, zaříkadla : 1 + 1 = 1 /

Hlavní autor: Nečas, Josef, 1939-
Jazyk: Čeština
Vydáno: Brno : MSD, 2014
Vydání: 1. vyd.
Témata:
Fyzický popis: 140 s. : il. ; 15 cm
Knihy
Uloženo v:
LEADER 01215nam a2200349 a 4500
001 nkc20142651037
003 CZ PrNK
005 20150311150850.0
007 ta
008 150108s2014 xr a g 000 p cze
015 |a cnb002651037 
020 |a 978-80-7392-237-5  |q (brož.) 
035 |a (OCoLC)903090392 
040 |a ABA001  |b cze 
072 7 |a 821.162.3-1  |x Česká poezie  |2 Konspekt  |9 25 
080 |a 821.162.3-1  |2 MRF 
080 |a (0:82-1)  |2 MRF 
100 1 |a Nečas, Josef,  |d 1939-  |7 mzk2006324056  |4 aut  |4 ill 
245 1 0 |a Říkadla :  |b vyříkadla, naříkadla, zaříkadla : 1 + 1 = 1 /  |c Josef Nečas 
246 3 0 |a Vyříkadla, naříkadla, zaříkadla 
250 |a 1. vyd. 
260 |a Brno :  |b MSD,  |c 2014 
300 |a 140 s. :  |b il. ;  |c 15 cm 
505 0 0 |t Říkadla pod stůl spadlá --  |t Říkadla II 
655 7 |a česká poezie  |7 fd133958  |2 czenas 
655 9 |a Czech poetry  |2 eczenas 
910 2 |a BOA001  |b S-1339.378 
990 |a BK 
995 |a 01 
991 |b 201501  |c NOV  |e b 
996 6 |b 2610617621  |c S-1339.378  |l MZK  |r Sklad / do 24 hodin  |n 0  |p p.v.  |w 001481462  |u 000010  |a 1  |e BOA001  |j MZK50  |s P 
996 6 |b 2610617622  |c S-1339.378  |l MZK  |r Sklad / do 24 hodin  |n 0  |p p.v.  |w 001481462  |u 000020  |a 1  |e BOA001  |j MZK50  |s P